00932cam a2200229 a 450000100060000000300080000600500170001400800410003102000210007203500190009304000350011204100080014708200220015510000440017724500990022126000420032030000330036250502310039565100310062665100270065783000180068424081BD-RjUL20211209001016.0140312r19651949enk 001 0 eng d a0140206728 (v.1) a(BD-RjUL)24147 aBD-RjULbengcBD-RjULdBD-RjUL aeng a942bTRI V-3 19651 aTrevelyan, George Macaulay,d1876-1962.10aIllustrated English social history /cG. M. TrevelyannVOLUME THREE.pThe Einghteenth Century. aHarmondsworth :bPenguin Books,c1964 axi ,209p . :bill. ;c22 cm.0 aContents: v.1 Chaucer's England and the early Tudors. -- v.2 The age of Shakespeare and the Stuart period. -- v.3 The eighteenth century, with a chapter on Scotland. -- v.4 The nineteenth century and the Industrial Revolution. 0aEnglandxSocial conditions 0aGreat BritainxHistory 0aPelican books